| 000 | 01324cam a22003737a 4500 | ||
|---|---|---|---|
| 003 | CHAP | ||
| 005 | 20220329142840.0 | ||
| 008 | 040819d mx r 00110 spa d | ||
| 010 | _a88688 | ||
| 011 | _a89660 | ||
| 020 | _a9702702631 | ||
| 035 | _a100211 | ||
| 040 | _cCHAP | ||
| 090 | _aFolleto 16761 | ||
| 100 | 1 |
_aVigueras Guzmán, Ana Lilia. _9119326 |
|
| 245 | 1 | 0 |
_aElaboración de alimentos y conservas con cactáceas y otras plantas suculentas _c/por Ana Lilia Vigueras y Liberato Portillo |
| 260 |
_aGuadalajara, Jal. : _bUniversidad de Guadalajara, _c2002. |
||
| 300 |
_a98 p. : _bilus. |
||
| 590 |
_aBATCH-UPD _b10 _c20130110 _lUCH01 _h1004 |
||
| 590 |
_aBATCH-UPD _b10 _c20130410 _lUCH01 _h0614 |
||
| 590 |
_aBATCH-UPD _b10 _c20130914 _lUCH01 _h0205 |
||
| 590 |
_aBATCH-UPD _b10 _c20150728 _lUCH01 _h1002 |
||
| 590 |
_aBATCH-UPD _b10 _c20150728 _lUCH01 _h1003 |
||
| 590 |
_aCONVERSION _b10 _c20130109 _lUCH01 _h1349 |
||
| 650 | 1 | 4 |
_aAlimentos _xConservación. _94179 |
| 650 | 1 | 4 |
_aCactáceas. _916994 |
| 650 | 1 | 4 |
_aSuculentas. _9110174 |
| 901 | _aBK | ||
| 905 | _aAlejandra Carrasco M. | ||
| 942 | _cFOLL | ||
| 949 |
_aFolleto 16761 _bBC _cFOLL _d00000001002113 _eTS2 _fc.3 _i100211 _sb |
||
| 949 |
_aFolleto 16761 _bBC _cFOLL _d1002111 _eTS1 _i100211 _sb |
||
| 949 |
_aFolleto 16761 _bBC _cFOLL _d1002112 _eTS2 _fc.2 _i100211 _sb |
||
| 999 |
_c88688 _d88688 |
||